| 000 | 00480nam a22001817a 4500 | ||
|---|---|---|---|
| 003 | OSt | ||
| 008 | 241111b |||||||| |||| 00| 0 eng d | ||
| 020 | _a8178001381 | ||
| 082 |
_a551.49 _bVEN/HY |
||
| 245 | _aHydrology And Watershed Management-II- Volume-II | ||
| 260 |
_aHyderabad _bBS Publications _c2007 |
||
| 300 | _a743 | ||
| 700 |
_aVenkateswara Rao,B _9399 |
||
| 700 |
_aJagmohan Das,G _9400 |
||
| 700 |
_aSarala,C _9401 |
||
| 700 |
_aGiridhar,M.V.S.S _9402 |
||
| 942 | _cBK | ||
| 999 |
_c14290 _d14290 |
||